| 000 | 00463nam a22001577a 4500 | ||
|---|---|---|---|
| 003 | OSt | ||
| 005 | 20260123121143.0 | ||
| 008 | 260123b |||||||| |||| 00| 0 eng d | ||
| 040 | _cMRSPTU | ||
| 041 | _aEnglish | ||
| 100 | _aNiti Syal, Supervisor: Naresh Kumar Garg | ||
| 245 | _aText Extraction in Images using DWT, Gradient Method and SVM Classifier | ||
| 260 |
_bDepartment of CSE, MRSPTU, Bathinda _c2014 |
||
| 650 | _aComputer Science | ||
| 942 |
_2ddc _cTH _n0 |
||
| 999 |
_c10733 _d10733 |
||